الفتوحات المكية / (Record no. 14667)
[ view plain ]
| 000 -LEADER | |
|---|---|
| fixed length control field | 02149nam a22002657a 4500 |
| 008 - FIXED-LENGTH DATA ELEMENTS--GENERAL INFORMATION | |
| fixed length control field | 100816t xxu||||| |||| 00| 0 eng d |
| 082 ## - DEWEY DECIMAL CLASSIFICATION NUMBER | |
| Edition number | 22 |
| Classification number | 246 |
| Item number | ع ر ب |
| 100 ## - MAIN ENTRY--PERSONAL NAME | |
| 9 (RLIN) | 17503 |
| Personal name | بن عربى, محيى الدين |
| 245 ## - TITLE STATEMENT | |
| Title | الفتوحات المكية / |
| Statement of responsibility, etc | محيى الدين بن عربى؛ تحقيق وتقديم عثمان يحيى؛ تصدير ومراجعة إبراهيم مدكور |
| 260 ## - PUBLICATION, DISTRIBUTION, ETC. (IMPRINT) | |
| Place of publication, distribution, etc | القاهرة: |
| Name of publisher, distributor, etc | الهيئة المصرية العامة للكتاب, |
| Date of publication, distribution, etc | س.1972 |
| 300 ## - PHYSICAL DESCRIPTION | |
| Extent | مج؛ |
| Dimensions | 35 سم. |
| 500 ## - GENERAL NOTE | |
| General note | المجلس الأعلى لرعاية الآداب والفنون والعلوم الإجتماعية بالتعاون مع معهد الدراسات العليا فى السوربون |
| 650 ## - SUBJECT ADDED ENTRY--TOPICAL TERM | |
| 9 (RLIN) | 15091 |
| Topical term or geographic name as entry element | تصوف اسلامى |
| 650 ## - SUBJECT ADDED ENTRY--TOPICAL TERM | |
| 9 (RLIN) | 17359 |
| Topical term or geographic name as entry element | التراث العربي |
| 700 ## - ADDED ENTRY--PERSONAL NAME | |
| 9 (RLIN) | 17506 |
| Personal name | يحيى, عثمان |
| Titles and other words associated with a name | محقق ومراجع |
| 700 ## - ADDED ENTRY--PERSONAL NAME | |
| 9 (RLIN) | 17507 |
| Personal name | مدكور, إبراهيم |
| Titles and other words associated with a name | تصدير ومراجعة |
| 942 ## - ADDED ENTRY ELEMENTS (KOHA) | |
| Source of classification or shelving scheme | Dewey Decimal Classification |
| Item type | |
| Withdrawn status | Item status | Source of classification or shelving scheme | Damaged status | Not for loan | Vendor | Home library | Current library | Shelving location | Date acquired | Source of acquisition | Total Checkouts | Full call number | Barcode | Date last seen | Koha item type | Public note |
|---|---|---|---|---|---|---|---|---|---|---|---|---|---|---|---|---|
| Dewey Decimal Classification | Alef-Baa | Central Library | Central Library | Lower Floor | 16/08/2010 | 246 ع ر ب | 000025118 | 15/07/2025 | Book - Borrowing | السفر الأول | ||||||
| Dewey Decimal Classification | Alef-Baa | Central Library | Central Library | Lower Floor | 16/08/2010 | 246 ع ر ب | 000025117 | 15/07/2025 | Book - Borrowing | السفر الثانى | ||||||
| Dewey Decimal Classification | Alef-Baa | Central Library | Central Library | Lower Floor | 16/08/2010 | 246 ع ر ب | 000025116 | 15/07/2025 | Book - Borrowing | السفر التاسع | ||||||
| Dewey Decimal Classification | Alef-Baa | Central Library | Central Library | Lower Floor | 16/08/2010 | 246 ع ر ب | 000025115 | 15/07/2025 | Book - Borrowing | السفر الثالث عشر | ||||||
| Dewey Decimal Classification | Alef-Baa | Central Library | Central Library | Lower Floor | 16/08/2010 | 246 ع ر ب | 000025114 | 15/07/2025 | Book - Borrowing | السفر السابع | ||||||
| Dewey Decimal Classification | Alef-Baa | Central Library | Central Library | Lower Floor | 16/08/2010 | 246 ع ر ب | 000025113 | 15/07/2025 | Book - Borrowing | السفر الرابع عشر | ||||||
| Dewey Decimal Classification | Alef-Baa | Central Library | Central Library | Lower Floor | 16/08/2010 | 246 ع ر ب | 000025112 | 15/07/2025 | Book - Borrowing | السفر الرابع |